Análisis y diseños de circuitos integrados analógicos.

Bibliographic Details
Main Author: Gray, Paul R.
Format: Section = Libro
Language:Undetermined
Spanish
Published: México Prentice Hall 1995
Subjects:
LEADER 00565nam a2200193Ia 4500
008 240829s9999 xx 000 0 und d
020 |a 968-880-528-9 
040 |a BIBLIOTECA-RUPAP 621.38173 G778 
041 |a spa 
082 |a 621.38173 G778 
100 1 |a Gray, Paul R.  
245 1 0 |a Análisis y diseños de circuitos integrados analógicos. 
260 |a México  |b Prentice Hall  |c 1995 
300 |a 792 p. :il. 
650 7 |a CIRCUITOS INTEGRADOS 
650 7 |b  AMPLIFICADORES. I. Meyer, Robert G, coaut. II. Tít. 
942 |c BK  |2 ddc 
991 |a TEXTO 
999 |c 9291